000 00500nam a2200205Ia 4500
003 OSt
005 20220926044950.0
006 a|||||r|||| 00| 0
007 ta
008 220923b |||||||| |||| 00| 0 eng d
037 _cGeneral Book
040 _aRTL
_cRTL
_beng
041 _2eng
_aeng
082 _aX65, K8
100 _aMoore
_9349619
245 0 _aIntroduction to the theory of finance
260 _c1968
942 _hX65, K8
_cGB
_2CC
999 _c676296
_d676296